000 00371cam a2200157ua 4500
041 _aeng
_h
082 _a828.09
_bGRE/ES
100 _aGreen peter, .
245 _aEssays in antiquity /
_cGreen peter.
_hTextual Documents
250 _a1 /
_b.
260 _aLondon :
_bJohn Murray ,
_c1960.
300 _a224 ; .
504 _a
942 _cBK
999 _c4062
_d4062